00429nam a2200145Ia 4500008004100000082001000041100001700051245002600068260001900094630002600113730002600139942000900165999001900174952009000193100328s9999 xx 000 0 und d b49980 aJoyce Graham aHouse Of Lost Dreams. bHeadline books aHouse Of Lost Dreams. aHouse Of Lost Dreams. cBOOK c537211d537208 00104070aRNVbRNVd2010-03-28l0pRNV-49980r2010-03-28 00:00:00w2010-03-28yBOOK